Văn hóa và triết lý phát triển trong tư tưởng Hồ Chí Minh

সংরক্ষণ করুন:
গ্রন্থ-পঞ্জীর বিবরন
প্রধান লেখক: Đinh Xuân Lâm
অন্যান্য লেখক: Bùi Đinh Phong
বিন্যাস: গ্রন্থ
ভাষা:Vietnamese
প্রকাশিত: H. Chính trị Quốc gia 2008
বিষয়গুলি:
ট্যাগগুলো: ট্যাগ যুক্ত করুন
কোনো ট্যাগ নেই, প্রথমজন হিসাবে ট্যাগ করুন!
Thư viện lưu trữ: Trung tâm Học liệu Lê Vũ Hùng, Trường Đại học Đồng Tháp
LEADER 00850pam a22002538a 4500
001 00025558
005 20171026081022.0
008 110806s2008 ||||||viesd
020 |c 47000 
041 0 # |a vie 
082 1 4 |a 335.434 6  |b V115H 
100 1 # |a Đinh Xuân Lâm 
245 1 0 |a Văn hóa và triết lý phát triển trong tư tưởng Hồ Chí Minh  |c Đinh Xuân Lâm, Bùi Đinh Phong 
260 # # |a H.  |b Chính trị Quốc gia  |c 2008 
300 # # |a 411 tr.  |c 21 cm. 
600 |a Hồ Chí Minh 
650 # 4 |a Nghiên cứu 
650 # 4 |a Văn hóa 
700 1 # |a Bùi Đinh Phong 
852 # # |b Kho mượn  |j KM.0007372 
852 # # |b Kho đọc  |j KD.0010466 
852 # # |j KD.0010466  |j KM.0007372 
910 |d 06/08/2011 
980 # # |a Trung tâm Học liệu Lê Vũ Hùng, Trường Đại học Đồng Tháp